000 00403nam a22001697a 4500
005 20180305123253.0
008 160503b xxu||||| |||| 00| 0 eng d
020 _a81-7108318-4
041 _aeng
082 _b1144
_a332.1
100 _aVasudevan A.
_9297
245 _aMoney and Banking
260 _aNew Delhi
_bAcademic Faundation
_c2003
300 _a285
650 _aManagement
_9241
942 _cBK
999 _c447
_d447